Looking at submarines : (Record no. 9381)

MARC details
000 -LEADER
fixed length control field 00832nam a22002657a 4500
001 - CONTROL NUMBER
control field 9381
003 - CONTROL NUMBER IDENTIFIER
control field FISKH
005 - DATE AND TIME OF LATEST TRANSACTION
control field 20251216143603.0
008 - FIXED-LENGTH DATA ELEMENTS--GENERAL INFORMATION
fixed length control field 251216b cb ||||| |||| 00| 0 eng d
020 ## - INTERNATIONAL STANDARD BOOK NUMBER
International Standard Book Number 085078428
040 ## - CATALOGING SOURCE
Original cataloging agency FISKH
Language of cataloging eng
Transcribing agency FISKH
Modifying agency FISKH
050 ## - LIBRARY OF CONGRESS CALL NUMBER
Classification number V857 .L55
082 ## - DEWEY DECIMAL CLASSIFICATION NUMBER
Classification number 387.2
100 ## - MAIN ENTRY--PERSONAL NAME
Personal name Lines, Clifford John
Relator term Author
245 ## - TITLE STATEMENT
Title Looking at submarines :
Remainder of title Looking at transport /
Statement of responsibility, etc. Clifford Lines
260 ## - PUBLICATION, DISTRIBUTION, ETC.
Place of publication, distribution, etc. East Sussex :
Name of publisher, distributor, etc. Wayland ,
Date of publication, distribution, etc. 1984
300 ## - PHYSICAL DESCRIPTION
Extent 63 pages :
Other physical details photographs ;
Dimensions 24 cm
505 ## - FORMATTED CONTENTS NOTE
Formatted contents note P<br/>
520 ## - SUMMARY, ETC.
Summary, etc. Gives a brief history of underwater craft and describes various types of submarines and submersibles and their functions.
521 8# - TARGET AUDIENCE NOTE
Target audience note 650<br/>
Source Lexile estimate<br/>
521 8# - TARGET AUDIENCE NOTE
Target audience note P<br/>
Source Raz-Plus<br/>
650 ## - SUBJECT ADDED ENTRY--TOPICAL TERM
Topical term or geographic name entry element First submarine
Form subdivision Nuclear power
942 ## - ADDED ENTRY ELEMENTS (KOHA)
Source of classification or shelving scheme Dewey Decimal Classification
Koha item type Books
Suppress in OPAC No
Holdings
Withdrawn status Lost status Source of classification or shelving scheme Damaged status Not for loan Collection Home library Current library Shelving location Date acquired Total Checkouts Full call number Barcode Date last seen Copy number Price effective from Koha item type
    Dewey Decimal Classification     Non-Fiction Footprints International School Library Network Toul Tom Poung Campus Footprints International School Library Network Toul Tom Poung Campus TTP Primary Orange Bookshelves 12/16/2025   LIN 387.2 V857 .L55 FIS01529 12/16/2025 1 12/16/2025 Books